| 000 | 00458nam a2200193Ia 4500 | ||
|---|---|---|---|
| 005 | 20250425161512.0 | ||
| 008 | 250425s9999 xx 000 0 und d | ||
| 041 | _aspa | ||
| 082 | _a309.1866 | ||
| 100 | _aMACIAS, WASHINGTON | ||
| 245 | 0 | _aPROBLEMAS SOCIOECONOMICOS DEL ECUADOR | |
| 250 | _a1A ED. | ||
| 260 |
_aEcuador _bG. CAPITAN _c1983 |
||
| 260 | _aOTAVALO | ||
| 300 | _a332 | ||
| 650 | _aPROBLEMAS SOCIALES | ||
| 942 | _c01 | ||
| 010 | _a21701 | ||
| 999 |
_c210512 _d210512 |
||